| 000 | 00647nam a2200205Ia 4500 | ||
|---|---|---|---|
| 008 | 191130s1995##################000#0#eng## | ||
| 022 | _a24000714 | ||
| 040 |
_aACL _cACL |
||
| 082 | _a910.8 LOC | ||
| 100 | _aLockman, John | ||
| 245 |
_aTravels of the Jesuits, into various parts of the world _cJ. Lockman |
||
| 260 |
_aNew Delhi _bAsian Educational Services _c1995 |
||
| 300 | _axxii. : 487p. ; 20 cm | ||
| 650 | _aAmerica - Description and travel | ||
| 650 | _aChina - Description and travel | ||
| 650 | _aIndochina - Description and travel | ||
| 990 | _a9b6ff872ac100b4514f697688c84d1c0 | ||
| 991 | _a456191 | ||
| 999 |
_c82652 _d82652 |
||